[Event "Detroit op1"]
[Site "Detroit"]
[Date "2003.05.18"]
[Round "4"]
[White "Durbin, Ricky"]
[Black "Mandell, Ed"]
[Result "1-0"]
[WhiteElo "1579"]
[BlackElo "1243"]
[PlyCount "39"]
[EventDate "2003.05.17"]
[EventType "swiss"]
[EventRounds "5"]
[EventCountry "USA"]
[SourceTitle "EXT 2007"]
[Source "ChessBase"]
[SourceDate "2006.11.23"]
[SourceVersion "1"]
[SourceVersionDate "2006.11.23"]
[SourceQuality "1"]

1. d4 Nf6 2. c4 d5 3. Nf3 Nc6 4. Nc3 Bg4 5. e3 e5 6. dxe5 Nxe5 7. Qa4+ Bd7 8. Qd1 Bg4 9. Be2 Nxf3+ 10. Bxf3 Bxf3 11. Qxf3 c6 12. cxd5 Nxd5 13. e4 Nb4 14. 0-0 Qd3 15. Qg4 Qd7 16. Qe2 0-0-0 17. Be3 b6 18. Rfd1 Qe6 19. a3 Na6 20. Qxa6+ 1-0

[Event "Detroit op1"]
[Site "Detroit"]
[Date "2003.05.17"]
[Round "2"]
[White "Durbin, Ricky"]
[Black "Aguilar, Javier"]
[Result "1-0"]
[WhiteElo "1579"]
[BlackElo "1292"]
[PlyCount "111"]
[EventDate "2003.05.17"]
[EventType "swiss"]
[EventRounds "5"]
[EventCountry "USA"]
[SourceTitle "EXT 2007"]
[Source "ChessBase"]
[SourceDate "2006.11.23"]
[SourceVersion "1"]
[SourceVersionDate "2006.11.23"]
[SourceQuality "1"]

1. d4 d5 2. Nf3 Nf6 3. c4 e6 4. Nc3 c6 5. e3 Qa5 6. Bd2 Bb4 7. a3 Be7 8. Nxd5 Qd8 9. Nxe7 Qxe7 10. Bb4 Qd8 11. Bd3 a5 12. Bc3 0-0 13. 0-0 Nbd7 14. Rc1 b6 15. Bb1 Bb7 16. Qc2 g6 17. Rfd1 Qc7 18. b3 c5 19. Qe2 Be4 20. Bxe4 Nxe4 21. Ba1 Rad8 22. Nd2 Nxd2 23. Rxd2 Rfe8 24. Rcd1 e5 25. d5 Qd6 26. e4 Nf6 27. Rd3 Nh5 28. g3 Rf8 29. Rf1 Rfe8 30. Re3 Ng7 31. f4 f6 32. fxe5 fxe5 33. Ref3 Rf8 34. Qb2 Rxf3 35. Rxf3 Re8 36. Qf2 Nh5 37. Bb2 Ng7 38. Rf6 Qc7 39. Rc6 Qb8 40. Qf6 Rf8 41. Rxb6 Qc8 42. Qxe5 Qd7 43. Rd6 Qf7 44. Rf6 Qxf6 45. Qxf6 Rxf6 46. Bxf6 Ne8 47. Be7 Kf7 48. Bxc5 Kf6 49. Bd4+ Ke7 50. b4 a4 51. c5 Kd7 52. d6 Kc6 53. Kf2 Kd7 54. b5 Kc8 55. Ke3 Kd7 56. Kd3 1-0

[Event "Detroit op"]
[Site "Detroit"]
[Date "2002.05.25"]
[Round "2"]
[White "Aguilar, Javier"]
[Black "Durbin, Ricky"]
[Result "0-1"]
[WhiteElo "1226"]
[BlackElo "1518"]
[PlyCount "100"]
[EventDate "2002.05.25"]
[EventType "swiss"]
[EventRounds "5"]
[EventCountry "USA"]
[SourceTitle "EXT 2007"]
[Source "ChessBase"]
[SourceDate "2006.11.23"]
[SourceVersion "1"]
[SourceVersionDate "2006.11.23"]
[SourceQuality "1"]

1. d4 d5 2. c4 e6 3. Nc3 Nf6 4. Bg5 Be7 5. Nf3 c6 6. cxd5 exd5 7. e3 0-0 8. Bd3 Bg4 9. Qc2 h6 10. Bh4 Ne8 11. Bxe7 Qxe7 12. Ne5 Bc8 13. 0-0-0 Nd7 14. f4 Nxe5 15. fxe5 Bd7 16. h4 Rc8 17. Rdg1 f6 18. Rf1 fxe5 19. Rxf8+ Kxf8 20. Rf1+ Nf6 21. Qf2 e4 22. Be2 Kg8 23. Kb1 Rf8 24. Qg3 Be8 25. Na4 b6 26. Qe1 Qd6 27. g4 Nh7 28. Rg1 Kf7 29. Rf1+ Ke7 30. Rxf8 Kxf8 31. Qf2+ Kg8 32. Nc3 Bd7 33. g5 hxg5 34. hxg5 Nxg5 35. Qh4 Nf7 36. Bh5 Qf6 37. Qxf6 gxf6 38. Bxf7+ Kxf7 39. Ne2 Kg6 40. Nf4+ Kg5 41. Kc2 Kg4 42. Kd2 Kf3 43. Nh5 f5 44. Nf6 Bc8 45. Ne8 f4 46. exf4 Kxf4 47. Nd6 Bg4 48. Nf7 c5 49. dxc5 bxc5 50. Nh6 Be6 0-1